| 000 | 01141nam a2200265Ia 4500 | ||
|---|---|---|---|
| 003 | OSt | ||
| 005 | 20221005104753.0 | ||
| 006 | a|||||r|||| 00| 0 | ||
| 007 | ta | ||
| 008 | 221004b |||||||| |||| 00| 0 hin d | ||
| 020 |
_a9789380172019 (pbk) _c360 |
||
| 024 | _a8739 | ||
| 037 |
_b20474, 08/01/2014, Hindi Madhyam Karyanvyan Nideshalye _cTextual |
||
| 040 |
_aCRL _cCRL _bhin |
||
| 041 |
_2hin _ahin |
||
| 082 | _aY:1.1, 152P9 | ||
| 100 | _aविजय, देवेश | ||
| 245 | 0 |
_aसांस्कृतिक इतिहास _b एक तुलनात्मक सर्वेक्षण |
|
| 246 | _aSāanskṛutik itihāsa: ek tulanātmak sarvekṣhaṇa | ||
| 260 |
_aदिल्ली _bविश्वविद्यालय हिन्दी माध्यम कार्यान्वय निदेशालय भारत _c2009 |
||
| 300 |
_a403पृ0 _ccm. |
||
| 650 | _aभारतीय-लोक साहित्य | ||
| 942 |
_hY:1.1, 152P9 _cTEXL _2cc |
||
| 999 |
_c1013730 _d1013730 |
||